000 00315nam a2200121Ia 4500
008 190722s9999 xx 000 0 und d
020 _a978-1-118-99125-1
100 _aHarold Kerzner
245 0 _aProject Management 2.0
260 _aNew York
_bInternational Institute of Learning
_c2015
300 _a316
942 _cBK
999 _c226
_d226